01000nam a2200253 a 4500001001000000003000400010005001700014008004100031040002500072082002100097110000600118245015900124260004300283300002300326504007300349504004000422650003600462650003000498650005100528650004800579650004400627700002900671710004600700000006257OSt20221123092952.0090827s1974 dr 000 0 spa d aDO-SdBNPbspacBNPHU a370.097293bE24c a 10aEducación y cambio social en la República Dominicana :bcriterios para la reforma educativa en una sociedad en transición /prólogo Ramón Flores. aSanto Domingo :bIntec,c1974fTaller. a169 p. : ;c21 cm. aIncluye referencias bibliográficas y notas al pie de las páginas aIncluye bibliografías (p.130-131) 4aEducaciónxAspectos sociales. 4aMétodos de enseñanza. 4aPolítica educativa zRepública Dominicana  4aReforma educativa zRepública Dominicana  4aCambio social zRepública Dominicana 1 aFlores, Ramónepról.2 aInstituto Tecnológico de Santo Domingo